[Event "Titled Tue 1st Jul Early"]
[Site "chess.com INT"]
[Date "2025.07.01"]
[Round "2"]
[White "Volovich, Vasily"]
[Black "Buraczewski, Rafal"]
[Result "1-0"]
[WhiteTitle "FM"]
[BlackTitle "CM"]
[WhiteElo "2177"]
[BlackElo "2135"]
[WhiteFideId "34169676"]
[BlackFideId "1155245"]
[EventDate "2025.07.01"]

1. e4 g6 2. d4 Bg7 3. Nc3 c6 4. h4 d5 5. h5 dxe4 6. Be3 gxh5 7. Nxe4 Nf6 8.
Nxf6+ Bxf6 9. Rxh5 Nd7 10. Nf3 Nf8 11. Ne5 Ng6 12. Bc4 Bxe5 13. Rxe5 Nxe5 14.
dxe5 Qxd1+ 15. Rxd1 b5 16. Bd3 Be6 17. Be4 Rc8 18. Bxa7 Bxa2 19. b3 O-O 20. Bc5
f5 21. Bd3 e6 22. Bxf8 Kxf8 23. Ra1 Ra8 24. Kd2 Kg7 25. Kc3 Kh6 26. Kb2 Kg5 27.
Rxa2 Rxa2+ 28. Kxa2 b4 29. g3 h5 30. Bc4 f4 31. Bxe6 fxg3 32. fxg3 c5 33. Bh3 1-0

[Event "Titled Tue 1st Jul Early"]
[Site "chess.com INT"]
[Date "2025.07.01"]
[Round "2"]
[White "Ahmad, Al Khatib"]
[Black "Lacasa Diaz, Josep Anton"]
[Result "1-0"]
[WhiteTitle "GM"]
[BlackTitle "IM"]
[WhiteElo "2172"]
[BlackElo "2315"]
[WhiteFideId "8103178"]
[BlackFideId "2203375"]
[EventDate "2025.07.01"]

1. d4 d5 2. Nc3 c5 3. e4 dxe4 4. d5 Nf6 5. Nge2 e6 6. Bg5 exd5 7. Bxf6 Qxf6 8.
Nxd5 Qd8 9. Nec3 Be6 10. Bc4 Be7 11. Nxe4 O-O 12. O-O Nc6 13. Re1 a6 14. Nxe7+
Qxe7 15. Bxe6 fxe6 16. Qd6 Qxd6 17. Nxd6 Nd4 18. Rac1 b5 19. c3 Nf5 20. Rxe6
Nxd6 21. Rxd6 Rfd8 22. Rcd1 Rxd6 23. Rxd6 Kf7 24. Kf1 b4 25. c4 a5 26. Ke2 Re8+
27. Kd2 Re4 28. b3 a4 29. Rd5 axb3 30. axb3 Rf4 31. f3 Rh4 32. h3 Kf6 33. Rxc5
Rd4+ 34. Ke2 g5 35. Rb5 h5 36. Rxb4 Kf5 37. Rb5+ Kf4 38. Rd5 Rxd5 39. cxd5 Ke5
40. f4+ gxf4 41. Kf3 Kxd5 42. Kxf4 h4 43. Kg4 1-0

[Event "Titled Tue 1st Jul Early"]
[Site "chess.com INT"]
[Date "2025.07.01"]
[Round "2"]
[White "Tifferet, Shakked"]
[Black "Christiansen, Johan-Sebastian"]
[Result "0-1"]
[WhiteTitle "FM"]
[BlackTitle "GM"]
[WhiteElo "2322"]
[BlackElo "2642"]
[WhiteFideId "2811529"]
[BlackFideId "1512668"]
[EventDate "2025.07.01"]

1. e4 e5 2. Nf3 Nc6 3. Bb5 f5 4. Bxc6 dxc6 5. d3 fxe4 6. dxe4 Qxd1+ 7. Kxd1 Bd6
8. h3 Nf6 9. Nbd2 Be6 10. b3 O-O-O 11. Bb2 Rhe8 12. Bxe5 Bxe5 13. Nxe5 Nxe4 14.
Nd3 Rxd3 15. cxd3 Nxf2+ 16. Kc2 Nxh1 17. Rxh1 Bf5 18. Rf1 Bg6 19. Ne4 Bxe4 20.
dxe4 Rxe4 21. g4 Kd7 22. Kd3 Re7 23. b4 Ke6 24. Re1+ Kd6 25. Rf1 c5 26. a3 cxb4
27. axb4 a6 28. Kd4 Kc6 29. Rf5 h6 30. h4 Kb6 31. g5 hxg5 32. hxg5 Re6 33. Re5
Rxe5 34. Kxe5 c5 35. bxc5+ Kxc5 36. g6 a5 37. Ke6 a4 38. Kf7 a3 39. Kxg7 a2 40.
Kf7 a1=Q 41. g7 Qxg7+ 42. Kxg7 b5 43. Kf6 b4 44. Ke5 b3 45. Ke4 b2 0-1

[Event "Titled Tue 1st Jul Early"]
[Site "chess.com INT"]
[Date "2025.07.01"]
[Round "2"]
[White "Devaev, Alexander"]
[Black "Pournami S"]
[Result "1-0"]
[WhiteTitle "FM"]
[BlackTitle "WCM"]
[WhiteElo "2306"]
[BlackElo "1730"]
[WhiteFideId "4169395"]
[BlackFideId "25732439"]
[EventDate "2025.07.01"]

1. d4 Nf6 2. c4 e6 3. Nc3 d5 4. Bg5 Be7 5. e3 O-O 6. Nf3 h6 7. Bxf6 Bxf6 8. cxd5
exd5 9. Bd3 c6 10. h3 Be6 11. O-O Nd7 12. b4 b6 13. Rc1 c5 14. bxc5 bxc5 15. Bb5
cxd4 16. Nxd4 a6 17. Bc6 Rb8 18. Nxd5 Ne5 19. Nxe6 fxe6 20. Nxf6+ Qxf6 21. Be4
Rb4 22. Bc2 Rh4 23. f4 Nc4 24. Qd3 Nb2 25. Qh7+ Kf7 26. Be4 Re8 27. Rc7+ Re7 28.
Bg6+ Qxg6 29. Rxe7+ Kf6 30. Rxe6+ 1-0

[Event "Titled Tue 1st Jul Early"]
[Site "chess.com INT"]
[Date "2025.07.01"]
[Round "2"]
[White "Rojas Salas, Steven"]
[Black "Amangeldy, Ernur"]
[Result "0-1"]
[WhiteTitle "IM"]
[BlackTitle "FM"]
[WhiteElo "2425"]
[BlackElo "2195"]
[WhiteFideId "3819434"]
[BlackFideId "13720244"]
[EventDate "2025.07.01"]

1. e4 Nf6 2. Qe2 e5 3. Nf3 Nc6 4. c3 d5 5. d3 Bc5 6. h3 O-O 7. g4 a5 8. Bg2 dxe4
9. dxe4 b6 10. Qc2 Ba6 11. Bf1 Bb7 12. Bg5 h6 13. Bxf6 Qxf6 14. Nbd2 a4 15. Be2
Ne7 16. h4 Ng6 17. g5 Qe7 18. gxh6 gxh6 19. Nc4 Kh8 20. Ne3 Nf4 21. O-O-O Nxe2+
22. Qxe2 Bxe4 23. Rhg1 Qe6 24. Nd2 Bh7 25. Nec4 b5 0-1

[Event "Titled Tue 1st Jul Early"]
[Site "chess.com INT"]
[Date "2025.07.01"]
[Round "2"]
[White "Leinov, Roman"]
[Black "Tekeyev, Zaur"]
[Result "0-1"]
[WhiteTitle "CM"]
[BlackTitle "IM"]
[WhiteElo "2120"]
[BlackElo "2407"]
[WhiteFideId "13504649"]
[BlackFideId "4199731"]
[EventDate "2025.07.01"]

1. Nf3 Nf6 2. g3 d5 3. Bg2 Bf5 4. O-O e6 5. d3 h6 6. Nbd2 Bh7 7. e4 Be7 8. e5
Nfd7 9. Qe2 c5 10. b3 Nc6 11. Bb2 b5 12. a4 bxa4 13. Rxa4 Nb6 14. Raa1 O-O 15.
h4 Qc7 16. Rfe1 Nb4 17. Nf1 c4 18. dxc4 dxc4 19. Ne3 c3 20. Ba3 a5 21. Nd4 Rad8
22. Nb5 Qxe5 23. f4 Qc5 24. Red1 Bxc2 25. Rxd8 Rxd8 26. Qxc2 Qxe3+ 27. Kh2 Nxc2 0-1

[Event "Titled Tue 1st Jul Early"]
[Site "chess.com INT"]
[Date "2025.07.01"]
[Round "2"]
[White "Shamatava, Nikolozi"]
[Black "Mayaud, Raphael"]
[Result "1-0"]
[WhiteTitle "FM"]
[BlackTitle "CM"]
[WhiteElo "2246"]
[BlackElo "2126"]
[WhiteFideId "13619950"]
[BlackFideId "627151"]
[EventDate "2025.07.01"]

1. d4 d5 2. c4 c6 3. Nf3 Nf6 4. e3 Bf5 5. Nc3 e6 6. Nh4 Bg4 7. Qb3 Qb6 8. c5 Qc7
9. Bd2 Nbd7 10. h3 Bh5 11. g4 Bg6 12. Nxg6 hxg6 13. Bg2 g5 14. O-O-O O-O-O 15.
Kb1 Be7 16. e4 Nxe4 17. Nxe4 dxe4 18. Bxe4 Bf6 19. Be3 e5 20. d5 cxd5 21. Rxd5
Nf8 22. Rhd1 Ne6 23. Rd6 Nd4 24. Bxd4 exd4 25. Rxd8+ Rxd8 26. c6 b6 27. Qc4 Kb8
28. a4 Qf4 29. f3 d3 30. Rxd3 Rxd3 31. Qxd3 Qe5 32. Qd2 Qd4 33. Qc2 Kc7 34. Qb3
Qg1+ 35. Ka2 Qd4 36. Qxf7+ Kd6 37. Qd7+ Kc5 38. Qxd4+ Kxd4 39. c7 1-0

[Event "Titled Tue 1st Jul Early"]
[Site "chess.com INT"]
[Date "2025.07.01"]
[Round "2"]
[White "Cernov, Henrik"]
[Black "Grandelius, Nils"]
[Result "0-1"]
[WhiteTitle "FM"]
[BlackTitle "GM"]
[WhiteElo "2258"]
[BlackElo "2642"]
[WhiteFideId "16258312"]
[BlackFideId "1710400"]
[EventDate "2025.07.01"]

1. e4 c5 2. Nf3 d6 3. d4 cxd4 4. Nxd4 Nf6 5. Nc3 h6 6. f4 e6 7. e5 dxe5 8. fxe5
Nd5 9. Bb5+ Bd7 10. Nxe6 Nxc3 11. bxc3 Qh4+ 12. g3 Qe4+ 13. Kf2 fxe6 14. Bxd7+
Nxd7 15. Be3 Bc5 16. Bxc5 Nxc5 17. Rf1 O-O+ 18. Kg1 Qxe5 19. Qd2 Ne4 20. Qe2
Qc5+ 21. Kg2 Qc6 22. Kg1 Nxc3 23. Qe5 Nd5 24. c4 Nf6 25. Rf4 Nd7 26. Qe3 Rxf4
27. Qxf4 Rf8 28. Qd2 Ne5 29. Rf1 0-1

[Event "Titled Tue 1st Jul Early"]
[Site "chess.com INT"]
[Date "2025.07.01"]
[Round "2"]
[White "Andrade, Ivan"]
[Black "Alvarado Diaz, Alejandro"]
[Result "0-1"]
[WhiteTitle "FM"]
[BlackTitle "IM"]
[WhiteElo "2136"]
[BlackElo "2484"]
[WhiteFideId "14800039"]
[BlackFideId "2276119"]
[EventDate "2025.07.01"]

1. e4 d5 2. exd5 Qxd5 3. Nc3 Qa5 4. Nf3 Nf6 5. Bc4 Bf5 6. O-O e6 7. d4 Bb4 8.
Bd2 Nc6 9. a3 Bxc3 10. Bxc3 Qb6 11. Ne5 Ne4 12. Nxc6 Qxc6 13. Qe2 Nxc3 14. bxc3
O-O 15. Rab1 a6 16. Rb3 Be4 17. f3 Bd5 18. Bxd5 exd5 19. Qd3 Rfe8 20. Rfb1 b6
21. Rf1 Re6 22. Rbb1 Rae8 23. Qxa6 Qxc3 24. Rf2 Qxd4 25. Rf1 Re2 26. g3 Rxc2 27.
Kg2 Rxf2+ 28. Rxf2 h5 29. Re2 Rxe2+ 30. Qxe2 g6 31. Qe7 Qc4 32. Qe8+ Kg7 33.
Qe5+ Kh7 34. g4 hxg4 35. Qf6 gxf3+ 36. Kg3 d4 37. h4 Qd5 38. h5 gxh5 39. Kh4 d3 0-1

[Event "Titled Tue 1st Jul Early"]
[Site "chess.com INT"]
[Date "2025.07.01"]
[Round "2"]
[White "Akhmedov, David"]
[Black "Bok, Benjamin"]
[Result "0-1"]
[WhiteTitle "FM"]
[BlackTitle "GM"]
[WhiteElo "2447"]
[BlackElo "2593"]
[WhiteFideId "34220194"]
[BlackFideId "1017063"]
[EventDate "2025.07.01"]

1. d4 Nf6 2. c4 e6 3. Nf3 b6 4. g3 Ba6 5. b3 Bb4+ 6. Bd2 Be7 7. Bg2 O-O 8. O-O
d5 9. Nc3 c6 10. Bf4 Nbd7 11. Nd2 Nh5 12. Be3 Rc8 13. Rc1 f5 14. f3 f4 15. Bf2
Ba3 16. Rc2 fxg3 17. hxg3 Qg5 18. f4 Qg6 19. Ndb1 Bd6 20. Qd3 Qh6 21. e4 Bb8 22.
Re2 g5 23. exd5 exd5 24. f5 Ndf6 25. Re6 Ng7 26. Re7 Ng4 27. Be1 Qh2# 0-1

[Event "Titled Tue 1st Jul Early"]
[Site "chess.com INT"]
[Date "2025.07.01"]
[Round "2"]
[White "Ghoreishi Amiri, Seyed Kian"]
[Black "Bulatova, Kamaliya"]
[Result "1-0"]
[WhiteTitle "CM"]
[BlackTitle "WFM"]
[WhiteElo "2215"]
[BlackElo "2091"]
[WhiteFideId "36757527"]
[BlackFideId "34111546"]
[EventDate "2025.07.01"]

1. e4 c5 2. Nf3 d6 3. b3 b6 4. Bb2 Bb7 5. Bc4 e6 6. O-O a6 7. a4 Nf6 8. Re1 Be7
9. Nc3 O-O 10. Bf1 d5 11. exd5 exd5 12. d4 Nc6 13. Ne2 Ne4 14. Ng3 f5 15. c4 Nb4
16. cxd5 Bxd5 17. Ne5 Bf6 18. Nxe4 fxe4 19. dxc5 bxc5 20. Qh5 Bxb3 21. Rxe4 Bc2
22. Bc4+ Kh8 23. Ng6# 1-0

[Event "Titled Tue 1st Jul Early"]
[Site "chess.com INT"]
[Date "2025.07.01"]
[Round "2"]
[White "Borges, Wagner da Silva"]
[Black "Parfenov, Viktor N."]
[Result "0-1"]
[WhiteTitle "CM"]
[BlackTitle "CM"]
[WhiteElo "2055"]
[BlackElo "2193"]
[WhiteFideId "2100401"]
[BlackFideId "4165969"]
[EventDate "2025.07.01"]

1. e4 e6 2. d4 d5 3. Nc3 Nf6 4. e5 Nfd7 5. f4 c5 6. Nf3 Nc6 7. Be3 cxd4 8. Nxd4
Bc5 9. Nxc6 bxc6 10. Bxc5 Nxc5 11. Qd4 Qb6 12. b4 Nd7 13. Qxb6 axb6 14. a4 f6
15. exf6 gxf6 16. Be2 Ke7 17. Kd2 c5 18. b5 Kd6 19. Bf3 Bb7 20. Rhe1 e5 21.
fxe5+ fxe5 22. Bg4 Nf6 23. Bf5 e4 24. g4 h6 25. Rad1 d4 26. Nxe4+ Nxe4+ 27. Bxe4
Bxe4 28. Rxe4 Rxa4 29. Rde1 Kd5 30. Re6 Kc4 31. Rxb6 Rg8 32. h3 h5 33. Re4 hxg4
34. Rxg4 Rf8 35. Rb7 Ra1 36. Rg2 Rff1 37. b6 Rfe1 38. c3 Rad1+ 39. Kc2 d3+ 40.
Kb2 Re2+ 41. Rxe2 dxe2 42. Re7 e1=Q 43. Rxe1 Rxe1 0-1

[Event "Titled Tue 1st Jul Early"]
[Site "chess.com INT"]
[Date "2025.07.01"]
[Round "2"]
[White "Ashraf, Artin"]
[Black "Ismagilov, Damir"]
[Result "1-0"]
[WhiteTitle "FM"]
[BlackTitle "CM"]
[WhiteElo "2428"]
[BlackElo "2173"]
[WhiteFideId "22514805"]
[BlackFideId "34199982"]
[EventDate "2025.07.01"]

1. c4 Nf6 2. Nc3 c5 3. g3 d5 4. cxd5 Nxd5 5. Bg2 Nc7 6. Nf3 Nc6 7. d3 e5 8. Nd2
Be7 9. Nc4 f6 10. Bxc6+ bxc6 11. h4 O-O 12. h5 Be6 13. b3 Nb5 14. Ne4 f5 15.
Ned2 e4 16. dxe4 fxe4 17. Bb2 Bd5 18. e3 Bf6 19. Qc2 Nd4 20. exd4 cxd4 21. O-O
d3 22. Qc1 Qd7 23. Bxf6 Rxf6 24. Ne3 Qh3 25. Qd1 Rf3 26. Nxf3 exf3 27. Qxd3 Rf8
28. Rfe1 Qxh5 29. Nxd5 cxd5 30. Rad1 Qh3 31. Qf1 Qf5 32. Rd4 Qc2 33. Rxd5 1-0

[Event "Titled Tue 1st Jul Early"]
[Site "chess.com INT"]
[Date "2025.07.01"]
[Round "2"]
[White "Castillo Pena, Patricia Evarista"]
[Black "Vedant Rupeshbhai Varasada"]
[Result "0-1"]
[WhiteTitle "WFM"]
[BlackTitle "CM"]
[WhiteElo "1909"]
[BlackElo "2044"]
[WhiteFideId "6412106"]
[BlackFideId "25156527"]
[EventDate "2025.07.01"]

1. d4 Nf6 2. Nf3 g6 3. Nc3 d5 4. Bf4 Bg7 5. e3 O-O 6. h4 c5 7. Ne5 h5 8. Be2
cxd4 9. exd4 Nc6 10. Qd2 Qb6 11. Nxc6 bxc6 12. O-O-O Be6 13. Na4 Qd8 14. Rdg1
Ne4 15. Qe3 Qa5 16. b3 c5 17. dxc5 Rfc8 18. f3 Nxc5 19. Nxc5 Rxc5 20. Be5 Rac8
21. Bxg7 Rxc2+ 22. Kd1 Qxa2 23. Ke1 Kxg7 24. Kf2 Rxe2+ 25. Qxe2 Rc2 0-1

[Event "Titled Tue 1st Jul Early"]
[Site "chess.com INT"]
[Date "2025.07.01"]
[Round "2"]
[White "Gavarrete, Nahun"]
[Black "Fandi, Mazen"]
[Result "0-1"]
[WhiteTitle "FM"]
[BlackTitle "FM"]
[WhiteElo "2281"]
[BlackElo "2302"]
[WhiteFideId "8400709"]
[BlackFideId "7611625"]
[EventDate "2025.07.01"]

1. e4 c6 2. d4 d5 3. e5 Bf5 4. Bd3 Bxd3 5. Qxd3 e6 6. Nf3 Qa5+ 7. Bd2 Qa6 8.
Qxa6 Nxa6 9. Nc3 Ne7 10. Ne2 c5 11. c3 Nc6 12. a3 Nc7 13. b4 cxd4 14. cxd4 Be7
15. Nc3 O-O 16. O-O a6 17. Rfc1 Nb5 18. Nxb5 axb5 19. Kf1 Ra4 20. Bc3 Rc8 21.
Bb2 Kf8 22. Ke2 Ke8 23. Kd3 Kd7 24. Nd2 Na7 25. Rxc8 Nxc8 26. Nb3 Nb6 27. Na5
Nc4 28. Nxc4 bxc4+ 29. Kc3 b5 30. Bc1 Bxb4+ 31. Kc2 Be7 32. Bb2 b4 33. axb4 Rxa1
34. Bxa1 Bxb4 35. Bb2 Ke8 36. f3 f6 37. f4 Kf7 38. g3 Kg6 39. Kd1 fxe5 40. dxe5
Kf5 41. Ke2 Ke4 42. h3 d4 43. Bc1 d3+ 44. Kd1 c3 45. h4 c2# 0-1

[Event "Titled Tue 1st Jul Early"]
[Site "chess.com INT"]
[Date "2025.07.01"]
[Round "2"]
[White "Fronda, Jan Jodilyn"]
[Black "Cacheiro Blanco, Diego"]
[Result "1-0"]
[WhiteTitle "WIM"]
[BlackTitle "FM"]
[WhiteElo "2115"]
[BlackElo "2383"]
[WhiteFideId "5204585"]
[BlackFideId "54541042"]
[EventDate "2025.07.01"]

1. e4 c5 2. c3 Nf6 3. e5 Nd5 4. Nf3 d6 5. exd6 e6 6. g3 Bxd6 7. Bg2 O-O 8. O-O
Nc6 9. d4 cxd4 10. Nxd4 a6 11. c4 Nde7 12. Nf3 Qc7 13. Nc3 b6 14. Ne4 Rd8 15.
Nxd6 Rxd6 16. Qe2 Ng6 17. h4 Qe7 18. h5 Nf8 19. Bf4 Rd8 20. Ne5 Nxe5 21. Bxa8
Ned7 22. Bg2 e5 23. Rad1 f6 24. Rfe1 Ne6 25. Be3 Ndf8 26. Rxd8 Qxd8 27. Rd1 Qc7
28. Bd5 Bb7 29. Qg4 Bc8 30. f4 Kh8 31. f5 Nc5 32. Kh2 h6 33. Qf3 Nh7 34. Bf7 Ng5
35. Bxg5 hxg5 36. Qd5 Bxf5 37. Bg6 Bd7 38. Qf7 Qc8 39. h6 1-0

[Event "Titled Tue 1st Jul Early"]
[Site "chess.com INT"]
[Date "2025.07.01"]
[Round "2"]
[White "Zilleruelo Irizarry, Diego"]
[Black "Pasti, Aron"]
[Result "0-1"]
[WhiteTitle "CM"]
[BlackTitle "IM"]
[WhiteElo "2085"]
[BlackElo "2376"]
[WhiteFideId "3101460"]
[BlackFideId "785857"]
[EventDate "2025.07.01"]

1. Nf3 d5 2. b3 c5 3. Bb2 Nc6 4. e3 Bg4 5. Be2 Nf6 6. O-O e6 7. Ne5 Bxe2 8. Qxe2
Nxe5 9. Bxe5 a6 10. d3 Bd6 11. f4 Bxe5 12. fxe5 Nd7 13. d4 O-O 14. Nd2 f6 15.
exf6 Rxf6 16. Rxf6 Qxf6 17. Rf1 Qg6 18. Nf3 Rf8 19. c4 Qe4 20. cxd5 exd5 21. Qd2
c4 22. bxc4 dxc4 23. a4 b5 24. axb5 axb5 25. Qc3 Nb6 26. Qa3 Ra8 27. Qd6 Nd5 28.
Ne5 Qxe3+ 29. Kh1 Nf4 30. h3 Qe4 31. Rxf4 Ra1+ 32. Rf1 Rxf1+ 33. Kh2 Qf4+ 34. g3
Qf2# 0-1

[Event "Titled Tue 1st Jul Early"]
[Site "chess.com INT"]
[Date "2025.07.01"]
[Round "2"]
[White "Grot, Blazej"]
[Black "Szpar, Milosz"]
[Result "0-1"]
[WhiteTitle "CM"]
[BlackTitle "IM"]
[WhiteElo "2207"]
[BlackElo "2490"]
[WhiteFideId "21835845"]
[BlackFideId "1184989"]
[EventDate "2025.07.01"]

1. e4 e6 2. d4 d5 3. Nc3 Nf6 4. e5 Nfd7 5. f4 c5 6. Nf3 Nc6 7. Be3 Be7 8. Qd2
O-O 9. dxc5 Qa5 10. O-O-O b6 11. Bb5 Nb4 12. a3 bxc5 13. Bxd7 Bxd7 14. axb4 cxb4
15. Nb1 Rfc8 16. Nd4 Qa2 17. Qd3 a5 18. Kd2 a4 19. Ke2 Qxb2 20. Nd2 Rc3 21. Rb1
Qa3 22. Ra1 Rxd3 23. cxd3 b3 24. Rxa3 Bxa3 25. N2xb3 axb3 26. Nxb3 Rb8 27. Nd2
h5 28. Rb1 Rc8 29. Ba7 Rc2 30. Rb8+ Kh7 31. Rb7 Be8 32. Be3 Bc1 33. Kd1 Ba4 34.
Ke1 d4 35. Bxd4 Bxd2+ 36. Kf1 Kg6 37. g3 Bc6 0-1

[Event "Titled Tue 1st Jul Early"]
[Site "chess.com INT"]
[Date "2025.07.01"]
[Round "2"]
[White "Kozak, Antoni"]
[Black "Sahin, Sarp"]
[Result "1-0"]
[BlackTitle "CM"]
[WhiteElo "2426"]
[BlackElo "2187"]
[WhiteFideId "21832030"]
[BlackFideId "51605066"]
[EventDate "2025.07.01"]

1. e4 c5 2. Nf3 e6 3. b3 Nf6 4. e5 Nd5 5. g3 Nc6 6. Bg2 Qc7 7. Bb2 b5 8. O-O Bb7
9. Re1 Nb6 10. Nc3 a6 11. h4 Nd4 12. Ne4 Nxf3+ 13. Qxf3 Bd5 14. d3 Be7 15. c4
Bc6 16. Qg4 g6 17. Nd6+ Kf8 18. Qf4 f5 19. exf6 Bxd6 20. Qh6+ Ke8 21. f7+ Ke7
22. Qg5+ Kf8 23. Bxh8 Bxg2 24. Kxg2 Kxf7 25. Qf6+ Ke8 26. Qg7 Bf8 27. Qxh7 Qc6+
28. Kh2 Kd8 29. Qxg6 Bd6 30. Be5 Bxe5 31. Qg5+ Kc7 32. Qxe5+ Kb7 33. Rac1 Rg8
34. cxb5 Qf3 35. Qe4+ Qxe4 36. dxe4 axb5 37. Rxc5 1-0

[Event "Titled Tue 1st Jul Early"]
[Site "chess.com INT"]
[Date "2025.07.01"]
[Round "2"]
[White "Shahinyan, Vladimir"]
[Black "Rubio, Lloyd"]
[Result "1-0"]
[WhiteTitle "CM"]
[WhiteElo "2182"]
[BlackElo "2167"]
[WhiteFideId "13314599"]
[BlackFideId "5210453"]
[EventDate "2025.07.01"]

1. d4 Nf6 2. c4 g6 3. Nc3 Bg7 4. Nf3 d6 5. Bf4 O-O 6. h3 b6 7. e3 Bb7 8. Be2
Nbd7 9. O-O a6 10. d5 Qe8 11. e4 e5 12. Be3 Nh5 13. b4 Nf4 14. Rc1 h6 15. Kh2
Nf6 16. g3 Nxe2 17. Qxe2 Bc8 18. c5 bxc5 19. bxc5 Qd7 20. g4 Qe7 21. cxd6 cxd6
22. Nd2 h5 23. f3 Nh7 24. Nc4 Rb8 25. gxh5 gxh5 26. Rg1 Kh8 27. Qg2 Rg8 28. Bh6
f5 29. Nxd6 fxe4 30. Ncxe4 Bxh3 31. Qxg7+ Rxg7 32. Bxg7+ Qxg7 33. Rxg7 Kxg7 34.
Kxh3 Rb2 35. Rc7+ Kg6 36. Ne8 Nf8 37. Rg7+ Kh6 38. Ng3 h4 39. Nf5+ Kh5 40. Nf6# 1-0

[Event "Titled Tue 1st Jul Early"]
[Site "chess.com INT"]
[Date "2025.07.01"]
[Round "2"]
[White "Grischuk, Alexander"]
[Black "Cori Quispe, Kevin Joel"]
[Result "1/2-1/2"]
[WhiteTitle "GM"]
[BlackTitle "GM"]
[WhiteElo "2667"]
[BlackElo "2461"]
[WhiteFideId "4126025"]
[BlackFideId "3814017"]
[EventDate "2025.07.01"]

1. e4 g6 2. d4 Bg7 3. Nf3 d6 4. Bd3 Nf6 5. O-O O-O 6. Re1 Nc6 7. d5 Nb8 8. h3 c6
9. c4 Nbd7 10. Nc3 a5 11. Bg5 Qb6 12. Qd2 Nc5 13. Bf1 a4 14. Rad1 Re8 15. Be3
Qb4 16. Bd4 Qa5 17. Qe3 e5 18. dxe6 Nxe6 19. Bb6 Qb4 20. a3 Qb3 21. Rxd6 Nd7 22.
Rxd7 Bxd7 23. c5 Qxb2 24. e5 Nf8 25. Ne4 Bxe5 26. Re2 Qa1 27. Re1 Qb2 28. Re2
Qa1 29. Re1 Qb2 1/2-1/2

[Event "Titled Tue 1st Jul Early"]
[Site "chess.com INT"]
[Date "2025.07.01"]
[Round "2"]
[White "Marchesich, Giovanni"]
[Black "Khandhadia, Nivaan Rathin"]
[Result "1-0"]
[WhiteTitle "CM"]
[BlackTitle "CM"]
[WhiteElo "2189"]
[BlackElo "2112"]
[WhiteFideId "2824790"]
[BlackFideId "25753274"]
[EventDate "2025.07.01"]

1. e4 c5 2. c3 g6 3. d4 cxd4 4. cxd4 d5 5. e5 Nc6 6. Nf3 Bg4 7. Bb5 Bxf3 8.
Bxc6+ bxc6 9. Qxf3 Bg7 10. O-O e6 11. Nc3 Nh6 12. Bxh6 Bxh6 13. Qd3 O-O 14. f4
Rb8 15. Na4 Re8 16. Nc5 Rxb2 17. Rfb1 Rb6 18. g3 Bf8 19. Nb3 Qc7 20. Rc1 Reb8
21. Rc3 Bb4 22. Rc2 Rc8 23. Rac1 Qb7 24. g4 Qa6 25. Qf3 Rb7 26. f5 Rbc7 27. Qe3
Bf8 28. f6 h6 29. h4 Kh7 30. h5 g5 31. Qd2 Qb6 32. Rc3 c5 33. Qc2+ Kg8 34. dxc5
Qb5 35. Nd4 Qa5 36. c6 Bb4 37. Rb3 Qb6 38. Qf2 a5 39. a3 1-0

[Event "Titled Tue 1st Jul Early"]
[Site "chess.com INT"]
[Date "2025.07.01"]
[Round "2"]
[White "Safin Safarullakhan"]
[Black "Le Phan Hoang Quan"]
[Result "0-1"]
[WhiteTitle "CM"]
[BlackTitle "CM"]
[WhiteElo "2028"]
[BlackElo "1968"]
[WhiteFideId "33379475"]
[BlackFideId "12432881"]
[EventDate "2025.07.01"]

1. e4 c5 2. Nf3 e6 3. d4 cxd4 4. Nxd4 a6 5. Bd3 d6 6. O-O Nf6 7. Qe2 Be7 8. c4
Nbd7 9. Nc3 b6 10. Re1 Bb7 11. b3 O-O 12. Bb2 Rc8 13. f4 Re8 14. g4 h6 15. h4 e5
16. Nf5 exf4 17. g5 hxg5 18. hxg5 f3 19. Qxf3 Ne5 20. Qh3 Nh7 21. Re2 Nxg5 22.
Qh5 g6 23. Qh6 Bf8 24. Qh1 Nxd3 25. Rh2 Bg7 26. Nxg7 Kxg7 27. Nd5+ Ne5 28. Rf1
Rh8 29. Qg2 Rxh2 30. Qxh2 Bxd5 31. Bxe5+ dxe5 32. Qxe5+ f6 33. Qxd5 Qe7 0-1

[Event "Titled Tue 1st Jul Early"]
[Site "chess.com INT"]
[Date "2025.07.01"]
[Round "2"]
[White "Gelman, Alexander"]
[Black "Lowinger, Daniel"]
[Result "1-0"]
[WhiteTitle "IM"]
[WhiteElo "2403"]
[BlackElo "2086"]
[WhiteFideId "4118316"]
[BlackFideId "2005557"]
[EventDate "2025.07.01"]

1. d4 Nf6 2. Nc3 e6 3. Bf4 Bb4 4. e3 Nd5 5. Ne2 Nxf4 6. exf4 b6 7. a3 Be7 8. Qd2
Bb7 9. O-O-O d5 10. h4 h5 11. f5 exf5 12. Nf4 g6 13. Bd3 Qd6 14. Rde1 Kf8 15. f3
c6 16. g4 fxg4 17. Bxg6 fxg6 18. Re6 Nd7 19. Rxd6 Bxd6 20. Nxg6+ Kg7 21. Nxh8
Rxh8 22. Qg5+ Kf7 23. fxg4 Be7 24. Rf1+ Nf6 25. gxh5 Ba6 26. Qg6+ Kf8 27. Rxf6+
Bxf6 28. Qxf6+ Kg8 29. Qxc6 1-0

[Event "Titled Tue 1st Jul Early"]
[Site "chess.com INT"]
[Date "2025.07.01"]
[Round "2"]
[White "Sharapov, Yevhen"]
[Black "May Sanchez, Andres Elias"]
[Result "1-0"]
[WhiteTitle "GM"]
[BlackTitle "CM"]
[WhiteElo "2375"]
[BlackElo "2215"]
[WhiteFideId "14103133"]
[BlackFideId "5150973"]
[EventDate "2025.07.01"]

1. e4 c5 2. Nf3 d6 3. d4 cxd4 4. Nxd4 Nf6 5. f3 Nc6 6. c4 e5 7. Nc2 a5 8. Nc3
Be6 9. Be3 Be7 10. Be2 O-O 11. O-O Nh5 12. Nd5 Bg5 13. Bf2 Nf4 14. Nxf4 exf4 15.
Nd4 Bf6 16. Rc1 Be5 17. Nxe6 fxe6 18. c5 d5 19. exd5 exd5 20. Qd2 Kh8 21. Rfd1
d4 22. Bb5 Qe7 23. Bxc6 bxc6 24. Bxd4 Rfd8 25. Qf2 Bxd4 26. Rxd4 Rxd4 27. Qxd4
Qe2 28. Rd1 h6 29. Qd2 Qb5 30. Qc2 Rb8 31. h3 a4 32. Rd2 Kg8 33. Kh2 Qb4 34. Re2
a3 35. bxa3 Qxa3 36. Qc4+ 1-0